00261nam a22000737a 4500082001500000100002900015245010600044526003700150 a297.2bLUD aMuhammad Yusuf Ludhyanvi aآپ کے مسائل اور ان کا حل Aap Kay Masail Aur Un Ka HalcMuhammad Yusuf Ludhyanvi a0b0c0d297_200000000000000_LUD